Atomic spectra and atomic structure
Guardat en:
| Autor principal: | |
|---|---|
| Format: | Llibre |
| Idioma: | anglès |
| Publicat: |
Nueva York
Dover
1944
|
| Edició: | 2a. ed |
| Matèries: | |
| Etiquetes: |
Afegir etiqueta
Sense etiquetes, Sigues el primer a etiquetar aquest registre!
|
MARC
| LEADER | 00000nam a2200000 a 4500 | ||
|---|---|---|---|
| 001 | UCT1376 | ||
| 003 | CL-VaPUC | ||
| 008 | 960927e19440000US |||||||||||||||||eng|d | ||
| 082 | 0 | 4 | |a 539.6 |b HER |2 21 |
| 100 | |a Herzberg, Gerhard |e author |9 552995 | ||
| 245 | 1 | 0 | |a Atomic spectra and atomic structure |
| 250 | |a 2a. ed | ||
| 300 | |a 257 p | ||
| 942 | |c BK | ||
| 945 | |d 19960927 00:00:00 |a cmena | ||
| 260 | |a Nueva York |b Dover |c 1944 | ||
| 650 | 7 | |a ESPECTROSCOPIA MOLECULAR |2 CL-VaPUC |9 355256 | |
| 650 | 0 | |a Estructura molecular |9 306892 | |
| 650 | 0 | |a Análisis espectroscópico |9 356865 | |
| 650 | 0 | |a Átomos |9 259583 | |
| 650 | 7 | |a MATERIA FISICA |2 CL-VaPUC |9 360137 | |
| 650 | 7 | |a ESPECTROS ATOMICOS |2 CL-VaPUC |9 370212 | |
| 650 | 0 | |a Estructura atómica |9 259944 | |
| 650 | 7 | |a PROPIEDADES ATOMICAS |2 CL-VaPUC |9 360510 | |
| 650 | 7 | |a TEORIA ATOMICA |2 CL-VaPUC |9 313933 | |
| 583 | |a last modification |c 19960927 00:00:00 |k Rodrigo Vera | ||
| 999 | |c 251914 |d 251912 | ||
| 952 | |0 0 |1 0 |4 0 |6 539_600000000000000_HER_1944 |7 0 |8 A |9 271422 |a BIBCUR |b BIBCUR |d 2019-11-19 |i 1751700 |o 539.6 HER 1944 |p 1751700 |r 2025-04-22 |w 2019-11-19 |y BK |k BCB | ||